Name the most common fruit by color - Statistics

General Stats
  • This quiz has been taken 44 times
  • The average score is 4 of 12
Answer Stats
Hint Answer % Correct
Orange Orange
100%
Yellow Banana
95%
Red Strawberry
95%
Olive Olive
83%
White Coconut
20%
Violet Black berries
15%
Blue Blue berries
15%
Pink Pomegranate
10%
Black Dates
8%
Green Green grapes
3%
Brown Chikoo
0%
Grey Hubbard squash
0%
No matching quizzes found
Score Distribution
Percent of People with Each Score
Percentile by Number Answered
Your Score History
You have not taken this quiz